| 000 | 01110cam a22002531i 4500 | ||
|---|---|---|---|
| 003 | SA-RiAUC | ||
| 005 | 20250723054613.0 | ||
| 008 | 250722s1961 su g 00000 ara c | ||
| 040 |
_aSA-RiAUC _bara _cSA-RiAUC _erda |
||
| 082 | 0 | 4 |
_a252.3 _qSA-RiAUC |
| 090 |
_a252.3 _bا ب ن ح |
||
| 100 | 1 |
_aابن حجر الهيتمي، أحمد بن محمد بن علي، _d909-974 هجري _eمؤلف. |
|
| 245 | 1 | 0 |
_aإتحاف أهل الإسلام بخصوصيات الصيام / _cتأليف أبي العباس أحمد بن محمد الهيتمي ؛ تحقيق محمود النواوي، محمد الديوي. |
| 264 | 1 |
_aمكة المكرمة : _bمكتبة النهضة الحديثة، _c1961 |
|
| 300 |
_a40،336 صفحة ؛ _c24 سم |
||
| 336 |
_aنص _btxt _2rdacontent _3كتاب |
||
| 337 |
_aبدون وسيط _bn _2rdamedia |
||
| 338 |
_aمجلد _bnc _2rdacarrier |
||
| 650 | 7 |
_aالصوم (إسلام) _2aucsh |
|
| 700 | 1 |
_aالنواوي، محمود _eمحقق. |
|
| 700 | 1 |
_aالديوي، محمد فؤاد _eمحقق. |
|
| 942 |
_2ddc _cBOOK _n0 |
||
| 949 |
_aSA-JeALM _d250722 _uosman123 _n1 |
||
| 999 |
_c10197 _d10197 |
||